[Event "Magistral Internacional CXG 2007"]
[Site "Rio de Janeiro BRA"]
[Date "2007.09.12"]
[Round "7.1"]
[White "Lima, Darcy"]
[Black "Hernandez, Gustavo"]
[Result "1/2-1/2"]
[WhiteElo "2463"]
[BlackElo "2370"]
[PlyCount "98"]
[EventDate "2007.09.05"]
[EventType "tourn"]
[EventRounds "1"]
[EventCountry "BRA"]
[EventCategory "2"]
[Source "lmi"]
[SourceDate "2007.09.06"]

1. Nf3 Nf6 2. g3 b6 3. Bg2 Bb7 4. O-O e6 5. d3 d5 6. e4 dxe4 7. Nfd2 Nbd7 8.
Nc3 Be7 9. dxe4 e5 10. Nd5 Nc5 11. b4 Ne6 12. Nc4 Nd7 13. Bb2 Ba6 14. Qd3 O-O
15. Rfd1 Bd6 16. a4 Bxc4 17. Qxc4 a5 18. b5 Nf6 19. Nxf6+ Qxf6 20. f4 Rfd8 21.
Rd5 Qe7 22. fxe5 Bc5+ 23. Kh1 h5 24. Qe2 h4 25. Qg4 hxg3 26. Qxg3 Qg5 27. Qxg5
Nxg5 28. Rad1 Be7 29. Bc1 Ne6 30. Bh3 Kf8 31. Bg4 Ke8 32. Kg2 Nc5 33. R1d4 Ne6
34. Rc4 Bc5 35. Kf3 Nd4+ 36. Kf2 Rxd5 37. exd5 Nxc2+ 38. Kf3 Nb4 39. Ke4 Rd8
40. Bg5 f6 41. exf6 gxf6 42. Bxf6 Rxd5 43. Rc3 Rd2 44. Be5 Bd6 45. Rh3 Bxe5 46.
Kxe5 Rd3 47. Ke6 Rd6+ 48. Ke5 Nd5 49. Bf3 Ne7 1/2-1/2

[Event "Magistral Internacional CXG 2007"]
[Site "Rio de Janeiro BRA"]
[Date "2007.09.12"]
[Round "7.2"]
[White "Chauca, Jose Luis Murga"]
[Black "Rodi, Luis Ernesto"]
[Result "1/2-1/2"]
[WhiteElo "2133"]
[BlackElo "2311"]
[PlyCount "130"]
[EventDate "2007.09.05"]
[EventType "tourn"]
[EventRounds "1"]
[EventCountry "BRA"]
[EventCategory "2"]
[Source "lmi"]
[SourceDate "2007.09.06"]

1. e4 e6 2. d4 d5 3. exd5 exd5 4. Bd3 Nc6 5. c3 Bd6 6. Ne2 Qh4 7. Be3 Nge7 8.
Qc2 Qg4 9. Ng3 Bxg3 10. hxg3 Bf5 11. Nd2 Qg6 12. Bxf5 Nxf5 13. O-O-O O-O-O 14.
Nf3 f6 15. Nh4 Nxh4 16. Rxh4 Ne7 17. Qxg6 hxg6 18. Rdh1 Rhg8 19. g4 Kd7 20. Kd2
Ke6 21. f3 g5 22. R4h2 Nc8 23. Bf2 Nd6 24. Bg3 Nc4+ 25. Kc1 Kd7 26. b3 Nb6 27.
Kd2 Rde8 28. Re1 Rxe1 29. Bxe1 Nc8 30. Bg3 c6 31. Rh1 Ne7 32. Kd3 Ng6 33. c4
Ne7 34. c5 Ng6 35. b4 Re8 36. a4 Rh8 37. Re1 Re8 38. Rh1 a6 39. Rb1 Nf4+ 40.
Bxf4 gxf4 41. b5 Re3+ 42. Kd2 a5 43. bxc6+ Kxc6 44. Rb6+ Kc7 45. Rd6 Ra3 46.
Rxd5 Rxa4 47. g5 fxg5 48. Kc3 Ra3+ 49. Kc4 g4 50. fxg4 Rg3 51. Rg5 Rxg2 52. Kb5
f3 53. Rxg7+ Kc8 54. d5 a4 55. Kxa4 f2 56. Rf7 Rxg4+ 57. Kb5 Rd4 58. Rxf2 Rxd5
59. Kb6 Rd1 60. Rf8+ Kd7 61. Rf7+ Kc8 62. Rc7+ Kb8 63. Rxb7+ Kc8 64. Rh7 Rc1
65. Kc6 Kb8 1/2-1/2

[Event "Magistral Internacional CXG 2007"]
[Site "Rio de Janeiro BRA"]
[Date "2007.09.12"]
[Round "7.3"]
[White "Miranda, Marcio Marcos do Ca"]
[Black "Galego, Luis"]
[Result "0-1"]
[WhiteElo "2294"]
[BlackElo "2524"]
[PlyCount "88"]
[EventDate "2007.09.05"]
[EventType "tourn"]
[EventRounds "1"]
[EventCountry "BRA"]
[EventCategory "2"]
[Source "lmi"]
[SourceDate "2007.09.06"]

1. Nf3 Nf6 2. g3 d5 3. Bg2 c6 4. d3 Bf5 5. Nbd2 h6 6. c4 e6 7. O-O Nbd7 8. b4
Bxb4 9. cxd5 cxd5 10. Rb1 a5 11. a3 Bc5 12. Rxb7 O-O 13. Rb5 a4 14. Bb2 Ra5 15.
Rxa5 Qxa5 16. Qa1 Bg4 17. h3 Bxf3 18. Nxf3 Rc8 19. Rc1 Rc7 20. Bxf6 Nxf6 21. d4
Bd6 22. Rxc7 Qxc7 23. Ne5 Qc2 24. Bf3 Qb3 25. e3 Bxa3 26. Bd1 Qb4 27. Nd3 Qd2
28. Qb1 Bd6 29. Bxa4 Bxg3 30. Qc2 Qxc2 31. Bxc2 Bd6 32. f3 g5 33. Kg2 Nd7 34.
Nf2 Kg7 35. Bd3 Bb4 36. Nd1 f5 37. Kf2 Kf6 38. Bb5 Nf8 39. Nb2 Ng6 40. Nd3 Bc3
41. Be8 f4 42. Ke2 fxe3 43. Kxe3 Nh4 44. Ne5 Bxd4+ 0-1

[Event "Magistral Internacional CXG 2007"]
[Site "Rio de Janeiro BRA"]
[Date "2007.09.14"]
[Round "7.4"]
[White "Brunner, Alfonso"]
[Black "Kubrusly, Jose Cristovam S."]
[Result "1-0"]
[WhiteElo "2096"]
[BlackElo "2247"]
[PlyCount "49"]
[EventDate "2007.09.05"]
[EventType "tourn"]
[EventRounds "1"]
[EventCountry "BRA"]
[EventCategory "2"]
[Source "lmi"]
[SourceDate "2007.09.06"]

1. e4 c6 2. d4 d5 3. Nc3 dxe4 4. Nxe4 Nf6 5. Nxf6+ gxf6 6. Bc4 Bf5 7. Bf4 e6 8.
Nf3 Bd6 9. Bg3 Qc7 10. Qe2 Nd7 11. Nh4 Bxg3 12. hxg3 O-O-O 13. Nxf5 Qa5+ 14. c3
Qxf5 15. Rh5 Qg6 16. Bd3 f5 17. O-O-O Nf6 18. Rhh1 h5 19. Rh4 Rdg8 20. Rdh1
Qh6+ 21. Qd2 Rg5 22. Kb1 Qg7 23. Qf4 Rg4 24. Qe5 Qg6 25. Rxg4 1-0

[Event "Magistral Internacional CXG 2007"]
[Site "Rio de Janeiro BRA"]
[Date "2007.09.12"]
[Round "7.5"]
[White "Maia, Marco Aurelio Ferre"]
[Black "Fernando, Diogo"]
[Result "0-1"]
[WhiteElo "2140"]
[BlackElo "2438"]
[PlyCount "58"]
[EventDate "2007.09.05"]
[EventType "tourn"]
[EventRounds "1"]
[EventCountry "BRA"]
[EventCategory "2"]
[Source "lmi"]
[SourceDate "2007.09.06"]

1. d4 Nf6 2. c4 e6 3. Nc3 Bb4 4. Qc2 c5 5. dxc5 O-O 6. a3 Bxc5 7. Nf3 b6 8. Bg5
Bb7 9. e4 h6 10. Bh4 Be7 11. Rd1 Nh5 12. Bxe7 Qxe7 13. Qd2 d5 14. cxd5 exd5 15.
e5 d4 16. Qxd4 Bxf3 17. gxf3 Nc6 18. Nd5 Qe6 19. Qe3 Rad8 20. Nf6+ Nxf6 21.
Rxd8 Rxd8 22. exf6 Qd7 23. Be2 Re8 24. Qf4 Qd3 25. O-O Rxe2 26. fxg7 Re6 27.
Rc1 Nd4 28. Kg2 Rg6+ 29. Kh3 Nxf3 0-1

[Event "Magistral Internacional CXG 2007"]
[Site "Rio de Janeiro BRA"]
[Date "2007.09.12"]
[Round "8.1"]
[White "Hernandez, Gustavo"]
[Black "Fernando, Diogo"]
[Result "1/2-1/2"]
[WhiteElo "2370"]
[BlackElo "2438"]
[PlyCount "28"]
[EventDate "2007.09.05"]
[EventType "tourn"]
[EventRounds "1"]
[EventCountry "BRA"]
[EventCategory "2"]
[Source "lmi"]
[SourceDate "2007.09.06"]

1. c4 e5 2. Nc3 d6 3. d4 exd4 4. Qxd4 Nf6 5. e4 Nc6 6. Qd2 g6 7. Bd3 Bg7 8.
Nge2 Ne5 9. O-O O-O 10. b3 Nxd3 11. Qxd3 Re8 12. f3 Nd7 13. Bb2 Nc5 14. Qd2 c6
1/2-1/2

[Event "Magistral Internacional CXG 2007"]
[Site "Rio de Janeiro BRA"]
[Date "2007.09.12"]
[Round "8.3"]
[White "Galego, Luis"]
[Black "Brunner, Alfonso"]
[Result "1-0"]
[WhiteElo "2524"]
[BlackElo "2096"]
[PlyCount "63"]
[EventDate "2007.09.05"]
[EventType "tourn"]
[EventRounds "1"]
[EventCountry "BRA"]
[EventCategory "2"]
[Source "lmi"]
[SourceDate "2007.09.06"]

1. e4 e6 2. d4 d5 3. exd5 exd5 4. Nf3 Nf6 5. h3 h6 6. c4 c6 7. Nc3 Be7 8. Bd3
O-O 9. O-O dxc4 10. Bxc4 Nbd7 11. Re1 Nb6 12. Bb3 Bf5 13. Ne5 Nbd5 14. Qf3 Be6
15. Qg3 Nh5 16. Qf3 Nhf6 17. Bd2 Nc7 18. Ng6 fxg6 19. Bxe6+ Nxe6 20. Rxe6 Nd5
21. Qd3 g5 22. Nxd5 cxd5 23. Rae1 Bd6 24. Qb5 Rb8 25. g3 Bc7 26. Bb4 a6 27. Qa4
b5 28. Qxa6 Qd7 29. Bxf8 Rxf8 30. Re7 Qf5 31. Qe6+ Rf7 32. Qxf5 1-0

[Event "Magistral Internacional CXG 2007"]
[Site "Rio de Janeiro BRA"]
[Date "2007.09.12"]
[Round "8.4"]
[White "Rodi, Luis Ernesto"]
[Black "Miranda, Marcio Marcos do Ca"]
[Result "1-0"]
[WhiteElo "2311"]
[BlackElo "2294"]
[PlyCount "89"]
[EventDate "2007.09.05"]
[EventType "tourn"]
[EventRounds "1"]
[EventCountry "BRA"]
[EventCategory "2"]
[Source "lmi"]
[SourceDate "2007.09.06"]

1. e4 c5 2. Nc3 d6 3. Nf3 Nf6 4. d4 cxd4 5. Nxd4 a6 6. Be3 e5 7. Nde2 Be6 8. f4
Qc7 9. f5 Bc4 10. Nc1 Bxf1 11. Rxf1 Nbd7 12. Nb3 Be7 13. g4 h6 14. Qf3 b5 15.
a3 Nc5 16. Nxc5 dxc5 17. g5 hxg5 18. Bxg5 b4 19. Bxf6 bxc3 20. Bxe7 cxb2 21.
Rb1 Qxe7 22. Rf2 Qg5 23. Rg2 Qc1+ 24. Qd1 Qe3+ 25. Qe2 Qxa3 26. Qd3 Qa5+ 27. c3
Rd8 28. Qg3 c4 29. Rgxb2 Rd3 30. Rb8+ Kd7 31. R1b7+ Kc6 32. Rb6+ Qxb6 33. Rxb6+
Kxb6 34. Qxe5 Rhd8 35. Qxg7 Re3+ 36. Kf2 Rdd3 37. Qxf7 Kb5 38. Qb7+ Kc5 39.
Qb4+ Kc6 40. Qxc4+ Kb7 41. f6 Rd2+ 42. Kxe3 Rxh2 43. Qb4+ Ka8 44. f7 Rh3+ 45.
Kf4 1-0

[Event "Magistral Internacional CXG 2007"]
[Site "Rio de Janeiro BRA"]
[Date "2007.09.12"]
[Round "8.5"]
[White "Lima, Darcy"]
[Black "Chauca, Jose Luis Murga"]
[Result "1-0"]
[WhiteElo "2463"]
[BlackElo "2133"]
[PlyCount "59"]
[EventDate "2007.09.05"]
[EventType "tourn"]
[EventRounds "1"]
[EventCountry "BRA"]
[EventCategory "2"]
[Source "lmi"]
[SourceDate "2007.09.06"]

1. d4 Nf6 2. g3 d5 3. Bg2 Bf5 4. c4 c6 5. Nc3 e6 6. Nf3 h6 7. O-O Nbd7 8. Nd2
Be7 9. e4 dxe4 10. Ndxe4 Nxe4 11. Nxe4 Nf6 12. Nc3 O-O 13. h3 Qd7 14. Be3 Rfd8
15. g4 Bg6 16. Qe2 Bb4 17. Rfd1 Qe7 18. a3 Bxc3 19. bxc3 Rd7 20. Bf4 Rad8 21.
c5 Nd5 22. Bd6 Qg5 23. Qf3 f5 24. Re1 Re8 25. Qg3 fxg4 26. hxg4 Rf7 27. c4 Nf4
28. Bf1 h5 29. Re5 Qxg4 30. Rg5 1-0

[Event "Magistral Internacional CXG 2007"]
[Site "Rio de Janeiro BRA"]
[Date "2007.09.13"]
[Round "9.1"]
[White "Chauca, Jose Luis Murga"]
[Black "Hernandez, Gustavo"]
[Result "1/2-1/2"]
[WhiteElo "2133"]
[BlackElo "2370"]
[PlyCount "36"]
[EventDate "2007.09.05"]
[EventType "tourn"]
[EventRounds "1"]
[EventCountry "BRA"]
[EventCategory "2"]
[Source "lmi"]
[SourceDate "2007.09.06"]

1. e4 Nf6 2. e5 Nd5 3. d4 d6 4. c4 Nb6 5. exd6 exd6 6. Nc3 Be7 7. Nf3 Bg4 8.
Be2 O-O 9. O-O Nc6 10. b3 Bf6 11. Be3 Re8 12. Qd2 d5 13. c5 Nc8 14. h3 Bh5 15.
Rfd1 Bg6 16. Rac1 h6 17. g4 Be4 18. Ne1 Qd7 1/2-1/2

[Event "Magistral Internacional CXG 2007"]
[Site "Rio de Janeiro BRA"]
[Date "2007.09.13"]
[Round "9.2"]
[White "Miranda, Marcio Marcos do Ca"]
[Black "Lima, Darcy"]
[Result "0-1"]
[WhiteElo "2294"]
[BlackElo "2463"]
[PlyCount "54"]
[EventDate "2007.09.05"]
[EventType "tourn"]
[EventRounds "1"]
[EventCountry "BRA"]
[EventCategory "2"]
[Source "lmi"]
[SourceDate "2007.09.06"]

1. d4 Nf6 2. c4 e6 3. Nc3 Bb4 4. e3 O-O 5. Nge2 d5 6. a3 Be7 7. cxd5 exd5 8. g3
Nbd7 9. Bg2 Nb6 10. O-O Re8 11. Qc2 Bf8 12. Bd2 g6 13. Rad1 Bf5 14. Qb3 a5 15.
f3 a4 16. Qa2 Bc2 17. Rc1 Bb3 18. Qb1 Nc4 19. Qd3 Nxb2 20. Qb1 Nc4 21. Qd3 Bxa3
22. Rce1 Bf8 23. e4 dxe4 24. fxe4 Nxd2 25. Qxd2 c5 26. d5 Ng4 27. Qf4 Ne5 0-1

[Event "Magistral Internacional CXG 2007"]
[Site "Rio de Janeiro BRA"]
[Date "2007.09.13"]
[Round "9.3"]
[White "Brunner, Alfonso"]
[Black "Rodi, Luis Ernesto"]
[Result "0-1"]
[WhiteElo "2096"]
[BlackElo "2311"]
[PlyCount "95"]
[EventDate "2007.09.05"]
[EventType "tourn"]
[EventRounds "1"]
[EventCountry "BRA"]
[EventCategory "2"]
[Source "lmi"]
[SourceDate "2007.09.06"]

1. d4 f5 2. e4 fxe4 3. Nc3 Nf6 4. Bg5 Nc6 5. Bxf6 exf6 6. Nxe4 Qe7 7. Qe2 Nxd4
8. Qd3 f5 9. Qxd4 Qxe4+ 10. Qxe4+ fxe4 11. Bc4 c6 12. Ne2 d5 13. Bb3 Bg4 14. h3
Bh5 15. Nf4 Bf7 16. O-O Bd6 17. Ne2 O-O 18. Rad1 Rad8 19. c3 Rfe8 20. Rfe1 Be5
21. Nd4 g6 22. a4 Bc7 23. Bc2 Bb6 24. b4 a6 25. Bb3 Re7 26. Rd2 Rde8 27. Rde2
Kf8 28. Nc2 Be6 29. Ne3 d4 30. Nc4 Bxc4 31. Bxc4 dxc3 32. Rd1 a5 33. b5 cxb5
34. Bxb5 Rc8 35. Rc2 e3 36. fxe3 Bxe3+ 37. Kh2 Rc5 38. Rd3 Bf4+ 39. Kg1 Bd2 40.
Rd8+ Kg7 41. Rd7 Rxd7 42. Bxd7 Kf6 43. Kf2 Ke5 44. Bb5 Kd4 45. Be2 Rf5+ 46. Kg1
Ke3 47. Bb5 Rxb5 48. axb5 0-1

[Event "Magistral Internacional CXG 2007"]
[Site "Rio de Janeiro BRA"]
[Date "2007.09.13"]
[Round "9.4"]
[White "Maia, Marco Aurelio Ferre"]
[Black "Galego, Luis"]
[Result "0-1"]
[WhiteElo "2140"]
[BlackElo "2524"]
[PlyCount "94"]
[EventDate "2007.09.05"]
[EventType "tourn"]
[EventRounds "1"]
[EventCountry "BRA"]
[EventCategory "2"]
[Source "lmi"]
[SourceDate "2007.09.06"]

1. d4 Nf6 2. c4 e6 3. g3 c5 4. d5 exd5 5. cxd5 d6 6. Nc3 g6 7. Nf3 Bg7 8. Bg2
O-O 9. O-O a6 10. a4 Re8 11. Bg5 h6 12. Bf4 g5 13. Bc1 Nbd7 14. h4 g4 15. Nd2
Ne5 16. Qc2 Qe7 17. Nd1 Bd7 18. Ne3 b5 19. Nf5 Bxf5 20. Qxf5 Ned7 21. axb5 axb5
22. Rxa8 Rxa8 23. Ne4 Nxe4 24. Qxe4 Qxe4 25. Bxe4 h5 26. b3 c4 27. bxc4 bxc4
28. Bf4 Nf6 29. Bg2 Ne8 30. Rc1 Rc8 31. e4 Be5 32. Bf1 Bxf4 33. gxf4 Nf6 34. e5
dxe5 35. fxe5 Nxd5 36. Rxc4 Re8 37. Re4 Ne7 38. Bc4 Ng6 39. e6 Kg7 40. f3 f5
41. Re3 Nxh4 42. fxg4 hxg4 43. e7 Ng6 44. Bb5 Rxe7 45. Rxe7+ Nxe7 46. Bd7 Kf6
47. Kf2 Kg5 0-1